La gazette des archives

Bibliographic Details
Main Author: Palko, František (Author)
Format: Article
Language:Slovak
ISSN:0231-6722
Subjects:

MARC

LEADER 00000nab a2200000 a 4500
001 vtls000662609
003 SK-MaSNL
005 20260304090515.0
008 250425c1998 xo 0 slo
015 |a SNBRB1998/06-15895 
035 |a CLN000014797 
035 |a urn:nbn:sk:snk-ab7hhg 
035 |a (urnnbn)urn:nbn:sk:snk:ar-005ssr 
035 |a (uuid)ebbdf5b5-1c73-40e1-9484-78cfdd98f8d4 
040 |a SNKBUCL  |b slo  |c SNKBUCL  |e AACR2 
041 0 |a slo 
044 |a xo  |c SK 
080 |a 930.25:05(44)  |2 1997 
080 |a 05(44):930.25  |2 1997 
100 1 |a Palko, František  |4 aut  |9 280027 
245 1 0 |a La gazette des archives  |c František Palko 
630 0 7 |a La gazette des archives (časopis)  |y 1996  |x č. 174-175  |2 snkbucl  |9 1381671 
655 7 |a články z novín a časopisov  |2 snkbucl  |9 267496 
655 7 |a bibliografické prehľady  |2 snkbucl  |9 534643 
773 0 |t Slovenská archivistika  |g Roč. 33, č. 1 (1998), s. 161-162  |x 0231-6722 
850 |a Slovenská národná knižnica 
852 |a Slovenská národná knižnica 
954 |a odborná, vedecká literatúra pôvodná (slovenská)  |2 lita 
958 |a article7 
958 |a OND 
958 |a FR 
958 |a EUIPO 
992 |a RBX 
999 |c 2811671  |d 2813601